000 nam a22 a 4500
999 _c444347
_d444347
003 BLK
005 20220209151018.0
008 220209b bu |||||r|||| 00| | bu d
040 _aBLK
041 _aBUL
_cBUL
080 _aБългарска литература
_b821.163.2
_x-32
_z821.163.2-32
100 _91299
_aЧудомир
_eпърви автор
139 _aЧудомир
245 _aПанаир
_bХуморист. разкази
_c Чудомир ; ил. от авт
260 _9210729
_aСофия
_bПрофиздат
_c1957
300 _a64 с.
_bс ил.
_c15 см
380 _aX
490 _9205087
_aБиблиотека Стършел
_v11
700 _9599
_aЧудомир
_eил.
852 _aЦб I 1737
_bО
942 _cKNG
_n0
_s1
944 _aCR
_c2022-02-09
_kХристина Везирева